Voráček, E.: Československo - sovětské hospodářské vztahy 1945-1948

Bibliographic Details
Main Authors: Štefániková, Antónia, 1943- (Author), Voráček, Emil, 1950- (Author)
Format: Article
Language:Slovak
Subjects:

MARC

LEADER 00000nab a2200000 a 4500
001 vtls000279567
003 SK-MaSNL
005 20260311225140.0
008 250422c1986 xo 0 slo
015 |a SNBRB19rr/mm-uuuuu 
035 |a CL0289685 
035 |a (urnnbn)urn:nbn:sk:snk:ar-004tmk 
035 |a (uuid)77a35f20-78e1-491f-b2f3-1b5c5411dc19 
035 |a urn:nbn:sk:snk-ab7xt1 
040 |a SNKBUCL  |b slo  |c SNKBUCL  |e AACR2 
041 0 |a slo 
044 |a xo  |c SK 
080 |a 943.7  |2 1981 
080 |a 339.92(47:437)  |2 1981 
100 1 |a Štefániková, Antónia,  |d 1943-  |4 aut  |9 104999 
245 1 0 |a Voráček, E.: Československo - sovětské hospodářské vztahy 1945-1948  |c A. Štefániková ; E. Voráček 
651 7 |a Československo  |2 snkbucl  |9 21376 
651 7 |a Sovietsky zväz  |2 snkbucl  |9 22126 
655 7 |a články z novín a časopisov  |2 snkbucl  |9 267496 
700 1 |a Voráček, Emil,  |d 1950-  |4 aut  |9 62511 
773 0 |t Historický časopis  |g Roč. 34, č. 5 (1986), s. 742-746 
787 0 8 |i Rec.:  |a Voráček, E.  |t Československo-sovětské hospodářské vztahy 1945-1948  |d Praha : Academia, 1985 
850 |a Slovenská národná knižnica 
852 |a Slovenská národná knižnica 
954 |a odborná, vedecká literatúra pôvodná (slovenská)  |2 lita 
958 |a article9 
958 |a OND 
958 |a RK 
958 |a EUIPO 
992 |a RBX 
999 |c 3265313  |d 3267243